000 00408pab a2200157 454500
008 180718b2007 xxu||||| |||| 00| 0 eng d
100 _aFrenkel, Stephen J.
245 _aExplaining variations in co-worker assistance in organizations
260 _c2007
300 _ap.797-823.
650 _aOrganizations
700 _aSanders, Karin
773 _aOrganization Studies
908 _aN
909 _a74812
999 _c74812
_d74812